|
|
|
|
| LEADER |
00000naa2a2200000 4500 |
| 001 |
449844 |
| 005 |
20240214095344.0 |
| 035 |
|
|
|a (RuTPU)RU\TPU\prd\111955
|
| 035 |
|
|
|a RU\TPU\prd\39323
|
| 090 |
|
|
|a 449844
|
| 100 |
|
|
|a 20110608a2005 k y0rusy50 ca
|
| 101 |
0 |
|
|a rus
|
| 102 |
|
|
|a RU
|
| 200 |
1 |
|
|a Проблемы оптимального управления технологическими процессами высокотемпературной обработки материалов
|f А. В. Димаки, А. Г. Князева, С. Г. Псахье
|
| 320 |
|
|
|a Библиогр.: 12 назв.
|
| 461 |
|
0 |
|0 (RuTPU)RU\TPU\prd\353
|x 1683-805X
|t Физическая мезомеханика
|f Институт физики прочности и материаловедения ; Российская академия наук (РАН), Сибирское отделение (СО), Институт физики прочности и материаловедения (ИФПМ)
|d 1998-
|
| 463 |
|
0 |
|0 (RuTPU)RU\TPU\prd\111947
|t Т. 8, № 4
|v с. 77-82
|d 2005
|
| 610 |
1 |
|
|a материалы
|
| 610 |
1 |
|
|a высокотемпературная обработка
|
| 610 |
1 |
|
|a оптимальное управление
|
| 610 |
1 |
|
|a технологические процессы
|
| 610 |
1 |
|
|a термическая обработка
|
| 610 |
1 |
|
|a поверхности
|
| 610 |
1 |
|
|a физико-математические модели
|
| 610 |
1 |
|
|a размерность
|
| 610 |
1 |
|
|a ТВЧ-нагрев
|
| 700 |
|
1 |
|a Димаки
|b А. В.
|c физик
|c инженер Томского политехнического университета, кандидат технических наук
|f 1982-
|g Андрей Викторович
|3 (RuTPU)RU\TPU\pers\35770
|
| 701 |
|
1 |
|a Князева
|b А. Г.
|c российский физик
|c профессор Томского политехнического университета, доктор физико-математических наук
|f 1962-
|g Анна Георгиевна
|3 (RuTPU)RU\TPU\pers\25578
|9 11508
|
| 701 |
|
1 |
|a Псахье
|b С. Г.
|c физик
|c заведующий лабораторией, советник ректора, заведующий кафедрой Томского политехнического университета, доктор физико-математических наук
|f 1952-
|g Сергей Григорьевич
|3 (RuTPU)RU\TPU\pers\25589
|
| 801 |
|
1 |
|a RU
|b 63413507
|c 20051101
|g PSBO
|
| 801 |
|
2 |
|a RU
|b 63413507
|c 20160119
|g RCR
|
| 942 |
|
|
|c BK
|